000259748 001__ 259748
000259748 005__ 20231010184957.0
000259748 0247_ $$aG:(GEPRIS)417618807$$d417618807
000259748 035__ $$aG:(GEPRIS)417618807
000259748 040__ $$aGEPRIS$$chttp://gepris.its.kfa-juelich.de
000259748 150__ $$aBiophysikalische und molekulare Mechanismen der Mittelwert- und Varianzadaptation auditorischer Rezeptorneurone in Drosophila (A10*)$$y2019 - 2022
000259748 371__ $$aProfessor Dr. Jan Clemens
000259748 450__ $$aSFB 889 A10$$wd$$y2019 - 2022
000259748 5101_ $$0I:(DE-588b)2007744-0$$aDeutsche Forschungsgemeinschaft$$bDFG
000259748 550__ $$0G:(GEPRIS)154113120$$aSFB 889: Zelluläre Mechanismen Sensorischer Verarbeitung$$wt
000259748 680__ $$aMechanosensorische Neurone im “Ohr” von Drosophila implementieren zwei mechanistisch getrennte Formen von Adaptation – auf den Mittelwert und die Varianz von Empfängerauslenkungen. Durch genetische Werkzeuge (RNAi, MiMIC) werden wir die Funktionen von potentiell involvierten Molekülen manipulieren und resultierende Änderungen in der Adaptation in unterschiedlichen zellulären Kompartimenten mittels Zweiphotonen Kalzium- und Spannungs-Imaging oder Elektrophysiologie auslesen. Experimentelle Befunde werden mit einem Computermodell der Stimulustransformation im Fliegenohr ausgewertet und in ein funktionelles Modell von Adaptation integriert.
000259748 909CO $$ooai:juser.fz-juelich.de:926351$$pauthority$$pauthority:GRANT
000259748 909CO $$ooai:juser.fz-juelich.de:926351
000259748 980__ $$aG
000259748 980__ $$aAUTHORITY